Tilastot visalle Top 5 -maat kategorioittain #1

Klikkaa tästä pelataksesi tätä visaa!

Yleistilastot

  • Tätä visaa on pelattu 112 kertaa
  • Keskiarvotulos 25 / 39

Vastaustilastot

Valtio% Oikein
Kiina
97%
Yhdysvallat
97%
Venäjä
96%
Intia
95%
Kanada
93%
Ranska
92%
Japani
91%
Brasilia
88%
Monaco
88%
Vatikaani
87%
Australia
81%
Italia
80%
Saksa
79%
San Marino
79%
Espanja
76%
Meksiko
76%
Indonesia
75%
Islanti
72%
Islanti
72%
Liechtenstein
71%
Sveitsi
67%
Tanska
65%
Luxemburg
64%
Chile
61%
Nigeria
60%
Nauru
57%
Singapore
56%
Mongolia
53%
Palau
49%
Filippiinit
48%
Tuvalu
48%
Pohjois-Korea
44%
Qatar
35%
Vanuatu
35%
Kolumbia
33%
Bahrain
31%
Malediivit
21%
Namibia
20%
Suriname
13%

Tulosjakauma

Persentiili vastausten määrän mukaan

Jokaisen tuloksen saaneiden osuus

Tuloshistoriasi

Et ole pelannut tätä visaa